| 000 | 00584cam a2200193 a 4500 | ||
|---|---|---|---|
| 001 | 000001652 | ||
| 005 | 20200929145642.0 | ||
| 008 | 740126s1973 fr 000 f fre | ||
| 082 |
_a843.34 _bD215j |
||
| 100 | 1 |
_aDard, Michel _95390 |
|
| 245 | 1 | 0 |
_aJuan Maldonne : _broman. / _cMichel Dard. |
| 260 |
_aParís : _bSeuil, _c1973. |
||
| 300 |
_a431 p. ; _c21 cm. |
||
| 504 | _aIncluye referencias bibliográficas y notas al pie de las páginas | ||
| 650 | 4 |
_aNovela francesa _91075 |
|
| 650 | 4 |
_aLiteratura francesa _91074 |
|
| 910 | _aCatalogación por copia / LC | ||
| 999 |
_c1539 _d1539 |
||
| 040 | _aDO-SdBNP | ||